NFL players in wrong jerseys - Statistics

General Stats
  • This quiz has been taken 183 times
  • The average score is 10 of 16
Answer Stats
Picture Answer % Correct
Jerry Rice
89%
Michael Vick
86%
Randy Moss
82%
Antonio Brown
79%
Julio Jones
77%
Deion Sanders
70%
Marshawn Lynch
68%
Jerome Bettis
64%
Greg Olsen
62%
Eric Dickerson
56%
Terrell Owens
53%
Le’Veon Bell
50%
Daunte Culpepper
49%
Cris Carter
42%
Blake Bortles
37%
James Robinson
13%
No matching quizzes found
Score Distribution
Percent of People with Each Score
Percentile by Number Answered
Your Score History
You have not taken this quiz